Szczegóły MARC21

Orbis Linguarum : legnickie rozprawy filologiczne /

001 -Numer kontrolny rekordu [,]
    • @
    • pole kontrolne
    • aa97027006
005 -Data i czas ostatniej zmiany [,]
    • @
    • Data ostatniej zmiany
    • 20260411170704.0
022 -Międzynarodowy Znormalizowany Numer Wydawnictwa Ciągłego - ISSN [ , ]
    • a
    • International Standard Serial Number
    • 1426-7241
035 -Inne numery kontrolne [ , ]
    • a
    • Numer kontrolny
    • (OCoLC)68735935
040 -Instytucja sporządzająca opis [ , ]
    • a
    • Instytucja, która sporządziła opis (NP)
    • WA U/EZ
    • c
    • Instytucja, która sporządziła rekord (NP)
    • WA U/EZ
    • d
    • Instytucja, która zmodyfikowała rekord (P)
    • GD U/EN
    • d
    • Instytucja, która zmodyfikowała rekord (P)
    • WR U/SN
    • d
    • Instytucja, która zmodyfikowała rekord (P)
    • KIEL 010/ES
    • d
    • Instytucja, która zmodyfikowała rekord (P)
    • WR O/MKr
    • d
    • Instytucja, która zmodyfikowała rekord (P)
    • WA U/AW
    • d
    • Instytucja, która zmodyfikowała rekord (P)
    • KAT U/MoKus
    • d
    • Instytucja, która zmodyfikowała rekord (P)
    • WA U/AW
    • d
    • Instytucja, która zmodyfikowała rekord (P)
    • SIEDL 001/JT
    • d
    • Instytucja, która zmodyfikowała rekord (P)
    • POZN U/KGs
041 -Język dokumentu [0, ]
    • a
    • Język tekstu (P)
    • polski
    • a
    • Język tekstu (P)
    • wielojęzyczny
942 -Rodzaj dokumentu [ , ]
    • c
    • Rodzaj dokumentu
    • Wydaw. ciągłe w tym czasopisma
998 -Inne dane NUKAT [ , ]
    • a
    • Numer systemowy
    • vtls000021064
210 -Skrót tytułu [1, ]
    • a
    • Skrót tytułu
    • Orb. Ling.
222 -Tytuł kluczowy [ ,0]
    • a
    • Tytuł kluczowy
    • Orbis Linguarum
245 -Strefa tytułu i oznaczenia odpowiedzialności [0,0]
    • a
    • Tytuł
    • Orbis Linguarum :
    • b
    • Ciąg dalszy tytułu (NP)
    • legnickie rozprawy filologiczne /
    • c
    • Pozostałe elementy strefy tytułu i oznaczenia odpowiedzialności (NP)
    • Nauczycielskie Kolegium Języków Obcych w Legnicy.
260 -Strefa adresu wydawniczego [ , ]
    • a
    • Miejsce wydania (P)
    • Legnica :
    • b
    • Nazwa wydawcy (P)
    • NKJO,
    • c
    • Data wydania (P)
    • 1994-.
300 -Strefa opisu fizycznego [ , ]
    • c
    • Format (NP)
    • 23 cm.
310 -Częstotliwość [ , ]
    • a
    • Częstotliwość
    • Nieregularne
336 -Typ zawartości [ , ]
    • a
    • Termin opisujący typ zawartości
    • Tekst
    • b
    • Typ/rodzaj nośnika
    • txt
    • 2
    • Źródło (termin i kod)
    • rdacontent
337 -Typ mediów [ , ]
    • a
    • Tryb odtwarzania
    • Bez urządzenia pośredniczącego
    • b
    • Kod typu mediów
    • n
    • 2
    • Źródło (termin i kod)
    • rdamedia
338 -Typ/rodzaj nośnika [ , ]
    • a
    • Hasło opisujące typ nośnika
    • Wolumin
    • b
    • Kod typu nośnika
    • nc
    • 2
    • Źródło (termin i kod)
    • rdacarrier
362 -Strefa numeracji [0, ]
    • a
    • Strefa numeracji
    • V. 1-.
500 -Uwaga ogólna [ , ]
    • a
    • Uwaga ogólna (NP)
    • Od 2000, vol. 15 miejsce wydania: Wrocław.
500 -Uwaga ogólna [ , ]
    • a
    • Uwaga ogólna (NP)
    • Od 2002, vol. 19 brak podtytytułu.
500 -Uwaga ogólna [ , ]
    • a
    • Uwaga ogólna (NP)
    • Od 2009, vol. 35 miejsce wydania: Dresden, Wrocław.
500 -Uwaga ogólna [ , ]
    • a
    • Uwaga ogólna (NP)
    • Od vol.57 (2023) wydawca: Neisse Verlag ; Oficyna Wydawnicza "Atut".
505 -Uwaga dot. zawartości książki [0, ]
    • a
    • Uwaga dot. zawartości książki
    • W R. 2002 współwydany: Orbis Linguarum. Wydanie Studenckie.
505 -Uwaga dot. zawartości książki [0, ]
    • a
    • Uwaga dot. zawartości książki
    • Od 1997 r. współwydany: Beihefte zum Orbis Linguarum.
530 -Uwaga dot. innej postaci fizycznej dokumentu [ , ]
    • a
    • Uwaga dot. innej postaci fizycznej dokumentu
    • Dostępne również w formie elektronicznej.
546 -Uwaga dot. języka [ , ]
    • a
    • Uwaga dot. języka
    • Tekst różnojęzyczny.
550 -Uwaga dot. instytucji sprawczej [ , ]
    • a
    • Uwaga dot. instytucji sprawczej
    • Od 2002, vol. 19 również / Uniwersytet Wrocławski. Instytut Filologii Germańskiej.
550 -Uwaga dot. instytucji sprawczej [ , ]
    • a
    • Uwaga dot. instytucji sprawczej
    • Od vol.25 (2004) / Instytut Filologii Germańskiej Uniwersytetu Wrocławskiego.
550 -Uwaga dot. instytucji sprawczej [ , ]
    • a
    • Uwaga dot. instytucji sprawczej
    • W vol.41 (2014) do vol.45 (2016), od vol.50 (2018) / Uniwersytet Wrocławski. Instytut Filologii Germańskiej, Instytut Filologii Romańskiej.
550 -Uwaga dot. instytucji sprawczej [ , ]
    • a
    • Uwaga dot. instytucji sprawczej
    • Od vol. 56 (2022)[?] / Instytut Filologii Germańskiej Uniwersytetu Wrocławskiego.
650 -Hasło przedmiotowe - nazwa pospolita [ ,7]
    • a
    • Hasło przedmiotowe
    • Językoznawstwo
650 -Hasło przedmiotowe - nazwa pospolita [ ,7]
    • a
    • Hasło przedmiotowe
    • Filologia germańska
655 -INDEX TERM--GENRE/FORM [ ,7]
    • a
    • Genre/form data or focus term
    • Czasopismo filologiczne
655 -INDEX TERM--GENRE/FORM [ ,7]
    • a
    • Genre/form data or focus term
    • Czasopismo naukowe
655 -INDEX TERM--GENRE/FORM [ ,7]
    • a
    • Genre/form data or focus term
    • Czasopismo polskie
655 -INDEX TERM--GENRE/FORM [ ,7]
    • a
    • Genre/form data or focus term
    • Czasopisma polskie
710 -Hasło dodatkowe - nazwa ciała zbiorowego [2, ]
    • a
    • Nazwa ciała zbiorowego lub nazwa geograficzna jako pierwszy element (NP)
    • Nauczycielskie Kolegium Języków Obcych (Legnica).
    • 4
    • Określenie rodzaju współpracy
    • pbl
710 -Hasło dodatkowe - nazwa ciała zbiorowego [2, ]
    • a
    • Nazwa ciała zbiorowego lub nazwa geograficzna jako pierwszy element (NP)
    • Uniwersytet Wrocławski.
    • b
    • Nazwa jednostki podrzędnej (P)
    • Instytut Filologii Germańskiej.
710 -Hasło dodatkowe - nazwa ciała zbiorowego [2, ]
    • a
    • Nazwa ciała zbiorowego lub nazwa geograficzna jako pierwszy element (NP)
    • Uniwersytet Wrocławski.
    • b
    • Nazwa jednostki podrzędnej (P)
    • Instytut Filologii Romańskiej.
710 -Hasło dodatkowe - nazwa ciała zbiorowego [2, ]
    • a
    • Nazwa ciała zbiorowego lub nazwa geograficzna jako pierwszy element (NP)
    • Neisse Verlag.
    • 4
    • Określenie rodzaju współpracy
    • pbl
710 -Hasło dodatkowe - nazwa ciała zbiorowego [2, ]
    • a
    • Nazwa ciała zbiorowego lub nazwa geograficzna jako pierwszy element (NP)
    • Oficyna Wydawnicza Atut, Wrocławskie Wydawnictwo Oświatowe.
    • 4
    • Określenie rodzaju współpracy
    • pbl
740 -Hasło dodatkowe - tytuł [0,2]
    • a
    • Tytuł (NP)
    • Orbis Linguarum. Wydanie Studenckie
740 -Hasło dodatkowe - tytuł [0,2]
    • a
    • Tytuł (NP)
    • Beihefte zum Orbis Linguarum
856 -Lokalizacja i sposób dostępu do dokumentu elektronicznego [4,1]
    • u
    • URI
    • http://www.ifg.uni.wroc.pl/magazine/orbis-linguarum/
952 -Egzemplarz [ , ]
    • c
    • Sygnatura
    • Gc.1089
    • d
    • Lokalizacja
    • BM Biblioteka Międzywydziałowa
    • i
    • Nr tomu wydaw.cg
    • Vol.1 (1994)
    • y
    • Status udostępniania
    • Tylko na miejscu
952 -Egzemplarz [ , ]
    • c
    • Sygnatura
    • Gc.1089
    • d
    • Lokalizacja
    • BM Biblioteka Międzywydziałowa
    • i
    • Nr tomu wydaw.cg
    • Vol.2 (1995)
    • y
    • Status udostępniania
    • Tylko na miejscu
952 -Egzemplarz [ , ]
    • c
    • Sygnatura
    • Gc.1089
    • d
    • Lokalizacja
    • BM Biblioteka Międzywydziałowa
    • i
    • Nr tomu wydaw.cg
    • Vol.3 (1995)
    • y
    • Status udostępniania
    • Tylko na miejscu
952 -Egzemplarz [ , ]
    • c
    • Sygnatura
    • Gc.1089
    • d
    • Lokalizacja
    • BM Biblioteka Międzywydziałowa
    • i
    • Nr tomu wydaw.cg
    • Vol.4 (1996)
    • y
    • Status udostępniania
    • Tylko na miejscu
952 -Egzemplarz [ , ]
    • c
    • Sygnatura
    • Gc.1089
    • d
    • Lokalizacja
    • BM Biblioteka Międzywydziałowa
    • i
    • Nr tomu wydaw.cg
    • Vol.5 (1996)
    • y
    • Status udostępniania
    • Tylko na miejscu
952 -Egzemplarz [ , ]
    • c
    • Sygnatura
    • Gc.1089
    • d
    • Lokalizacja
    • BM Biblioteka Międzywydziałowa
    • i
    • Nr tomu wydaw.cg
    • Vol.6 (1997)
    • y
    • Status udostępniania
    • Tylko na miejscu
952 -Egzemplarz [ , ]
    • c
    • Sygnatura
    • Gc.1089
    • d
    • Lokalizacja
    • BM Biblioteka Międzywydziałowa
    • i
    • Nr tomu wydaw.cg
    • Vol.7 (1997)
    • y
    • Status udostępniania
    • Tylko na miejscu
952 -Egzemplarz [ , ]
    • c
    • Sygnatura
    • Gc.1089
    • d
    • Lokalizacja
    • BM Biblioteka Międzywydziałowa
    • i
    • Nr tomu wydaw.cg
    • Vol.8 (1998)
    • y
    • Status udostępniania
    • Tylko na miejscu
952 -Egzemplarz [ , ]
    • c
    • Sygnatura
    • Gc.1089
    • d
    • Lokalizacja
    • BM Biblioteka Międzywydziałowa
    • i
    • Nr tomu wydaw.cg
    • Vol.9 (1998)
    • y
    • Status udostępniania
    • Tylko na miejscu
952 -Egzemplarz [ , ]
    • c
    • Sygnatura
    • Gc.1089
    • d
    • Lokalizacja
    • BM Biblioteka Międzywydziałowa
    • i
    • Nr tomu wydaw.cg
    • Vol.10 (1998)
    • y
    • Status udostępniania
    • Tylko na miejscu
952 -Egzemplarz [ , ]
    • c
    • Sygnatura
    • Gc.1089
    • d
    • Lokalizacja
    • BM Biblioteka Międzywydziałowa
    • i
    • Nr tomu wydaw.cg
    • Vol.11 (1999)
    • y
    • Status udostępniania
    • Tylko na miejscu
952 -Egzemplarz [ , ]
    • c
    • Sygnatura
    • Gc.1089
    • d
    • Lokalizacja
    • BM Biblioteka Międzywydziałowa
    • i
    • Nr tomu wydaw.cg
    • Vol.12 (1999)
    • y
    • Status udostępniania
    • Tylko na miejscu
952 -Egzemplarz [ , ]
    • c
    • Sygnatura
    • Gc.1089
    • d
    • Lokalizacja
    • BM Biblioteka Międzywydziałowa
    • i
    • Nr tomu wydaw.cg
    • Vol.13 (1999)
    • y
    • Status udostępniania
    • Tylko na miejscu
952 -Egzemplarz [ , ]
    • c
    • Sygnatura
    • Gc.1089
    • d
    • Lokalizacja
    • BM Biblioteka Międzywydziałowa
    • i
    • Nr tomu wydaw.cg
    • Vol.14 (1999)
    • y
    • Status udostępniania
    • Tylko na miejscu
952 -Egzemplarz [ , ]
    • c
    • Sygnatura
    • Gc.1089
    • d
    • Lokalizacja
    • BM Biblioteka Międzywydziałowa
    • i
    • Nr tomu wydaw.cg
    • Vol.15 (2000)
    • y
    • Status udostępniania
    • Tylko na miejscu
952 -Egzemplarz [ , ]
    • c
    • Sygnatura
    • Gc.1089
    • d
    • Lokalizacja
    • BM Biblioteka Międzywydziałowa
    • i
    • Nr tomu wydaw.cg
    • Vol.16 (2000)
    • y
    • Status udostępniania
    • Tylko na miejscu
952 -Egzemplarz [ , ]
    • c
    • Sygnatura
    • Gc.1089
    • d
    • Lokalizacja
    • BM Biblioteka Międzywydziałowa
    • i
    • Nr tomu wydaw.cg
    • Vol.17 (2001)
    • y
    • Status udostępniania
    • Tylko na miejscu
952 -Egzemplarz [ , ]
    • c
    • Sygnatura
    • Gc.1089
    • d
    • Lokalizacja
    • BM Biblioteka Międzywydziałowa
    • i
    • Nr tomu wydaw.cg
    • Vol.18 (2001)
    • y
    • Status udostępniania
    • Tylko na miejscu
952 -Egzemplarz [ , ]
    • c
    • Sygnatura
    • Gc.1089
    • d
    • Lokalizacja
    • BM Biblioteka Międzywydziałowa
    • i
    • Nr tomu wydaw.cg
    • Vol.20 (2002)
    • y
    • Status udostępniania
    • Tylko na miejscu
952 -Egzemplarz [ , ]
    • c
    • Sygnatura
    • Gc.1089
    • d
    • Lokalizacja
    • BM Biblioteka Międzywydziałowa
    • i
    • Nr tomu wydaw.cg
    • Vol.21 (2002)
    • y
    • Status udostępniania
    • Tylko na miejscu
952 -Egzemplarz [ , ]
    • c
    • Sygnatura
    • Gc.1089
    • d
    • Lokalizacja
    • BM Biblioteka Międzywydziałowa
    • i
    • Nr tomu wydaw.cg
    • Vol.22 (2002)
    • y
    • Status udostępniania
    • Tylko na miejscu
952 -Egzemplarz [ , ]
    • c
    • Sygnatura
    • Gc.1089
    • d
    • Lokalizacja
    • BM Biblioteka Międzywydziałowa
    • i
    • Nr tomu wydaw.cg
    • Vol.23 (2003)
    • y
    • Status udostępniania
    • Tylko na miejscu
952 -Egzemplarz [ , ]
    • c
    • Sygnatura
    • Gc.1089
    • d
    • Lokalizacja
    • BM Biblioteka Międzywydziałowa
    • i
    • Nr tomu wydaw.cg
    • Vol.27 (2004)
    • y
    • Status udostępniania
    • Tylko na miejscu
952 -Egzemplarz [ , ]
    • c
    • Sygnatura
    • Gc.1089
    • d
    • Lokalizacja
    • BM Biblioteka Międzywydziałowa
    • i
    • Nr tomu wydaw.cg
    • Vol. 31 (2007)
    • y
    • Status udostępniania
    • Tylko na miejscu
    • h
    • Uwagi
    • Rek.130206
952 -Egzemplarz [ , ]
    • a
    • Numer inwentarzowy
    • Gc.2628
    • c
    • Sygnatura
    • Gc.1089
    • d
    • Lokalizacja
    • BM Biblioteka Międzywydziałowa
    • e
    • Akcesja
    • 18d121/5
    • i
    • Nr tomu wydaw.cg
    • Vol. 34 (2009)
    • p
    • Kod kreskowy
    • 2003400026289
    • r
    • Cena
    • 25.00
    • v
    • Data wprowadzenia opisu
    • 2018-02-15
    • w
    • Data inwentaryzacji
    • 2018-03-21
    • y
    • Status udostępniania
    • Tylko na miejscu
    • z
    • Sposób nabycia
    • dary zwarte
952 -Egzemplarz [ , ]
    • a
    • Numer inwentarzowy
    • Gc.2314
    • c
    • Sygnatura
    • Gc.1089
    • d
    • Lokalizacja
    • BM Biblioteka Międzywydziałowa
    • e
    • Akcesja
    • 05d390/7
    • i
    • Nr tomu wydaw.cg
    • Vol. 35 (2005)
    • n
    • Powiązanie z serią
    • 19
    • p
    • Kod kreskowy
    • 2003400023141
    • r
    • Cena
    • 25.0
    • w
    • Data inwentaryzacji
    • 2005-11-03
    • y
    • Status udostępniania
    • Tylko na miejscu
    • z
    • Sposób nabycia
    • dary zwarte
952 -Egzemplarz [ , ]
    • a
    • Numer inwentarzowy
    • Gc.2302
    • c
    • Sygnatura
    • Gc.1089
    • d
    • Lokalizacja
    • BM Biblioteka Międzywydziałowa
    • e
    • Akcesja
    • 05d171/12
    • i
    • Nr tomu wydaw.cg
    • Vol. 31 (2004)
    • n
    • Powiązanie z serią
    • 17
    • p
    • Kod kreskowy
    • 2003400023028
    • r
    • Cena
    • 25.0
    • w
    • Data inwentaryzacji
    • 2005-10-20
    • y
    • Status udostępniania
    • Tylko na miejscu
    • z
    • Sposób nabycia
    • dary zwarte
952 -Egzemplarz [ , ]
    • a
    • Numer inwentarzowy
    • Gc.2639
    • c
    • Sygnatura
    • Gc.1089
    • d
    • Lokalizacja
    • BM Biblioteka Międzywydziałowa
    • e
    • Akcesja
    • 19k021a/34
    • i
    • Nr tomu wydaw.cg
    • Vol. 31 (2004)
    • p
    • Kod kreskowy
    • 2003400026395
    • r
    • Cena
    • 18.38
    • v
    • Data wprowadzenia opisu
    • 2019-04-09
    • w
    • Data inwentaryzacji
    • 2019-06-27
    • y
    • Status udostępniania
    • Tylko na miejscu
    • z
    • Sposób nabycia
    • kupno zwarte
952 -Egzemplarz [ , ]
    • a
    • Numer inwentarzowy
    • Gc.2303
    • c
    • Sygnatura
    • Gc.1089
    • d
    • Lokalizacja
    • BM Biblioteka Międzywydziałowa
    • e
    • Akcesja
    • 05d171/1
    • i
    • Nr tomu wydaw.cg
    • Vol. 32 (2004)
    • p
    • Kod kreskowy
    • 2003400023035
    • r
    • Cena
    • 50.0
    • w
    • Data inwentaryzacji
    • 2005-10-20
    • y
    • Status udostępniania
    • Tylko na miejscu
952 -Egzemplarz [ , ]
    • a
    • Numer inwentarzowy
    • Gc.2286
    • c
    • Sygnatura
    • Gc.1089
    • d
    • Lokalizacja
    • BM Biblioteka Międzywydziałowa
    • e
    • Akcesja
    • 04d575/12
    • i
    • Nr tomu wydaw.cg
    • Vol. 30 (2004)
    • n
    • Powiązanie z serią
    • 16
    • p
    • Kod kreskowy
    • 2003400022861
    • r
    • Cena
    • 25.0
    • w
    • Data inwentaryzacji
    • 2005-06-28
    • y
    • Status udostępniania
    • Tylko na miejscu
    • z
    • Sposób nabycia
    • dary zwarte
952 -Egzemplarz [ , ]
    • a
    • Numer inwentarzowy
    • Gc.2285
    • c
    • Sygnatura
    • Gc.1089
    • d
    • Lokalizacja
    • BM Biblioteka Międzywydziałowa
    • e
    • Akcesja
    • 04d575/11
    • i
    • Nr tomu wydaw.cg
    • Vol. 26 (2004)
    • n
    • Powiązanie z serią
    • 15
    • p
    • Kod kreskowy
    • 2003400022854
    • r
    • Cena
    • 60.0
    • v
    • Data wprowadzenia opisu
    • 2025-08-07
    • w
    • Data inwentaryzacji
    • 2005-06-28
    • y
    • Status udostępniania
    • Tylko na miejscu
    • z
    • Sposób nabycia
    • dary zwarte
952 -Egzemplarz [ , ]
    • a
    • Numer inwentarzowy
    • G.18588
    • c
    • Sygnatura
    • GERM.Literatura niemieckojęz. 63
    • d
    • Lokalizacja
    • BM Biblioteka Międzywydziałowa
    • e
    • Akcesja
    • 07k268a/1
    • i
    • Nr tomu wydaw.cg
    • Vol. 25 (2004)
    • p
    • Kod kreskowy
    • 2001900185888
    • r
    • Cena
    • 40.05
    • v
    • Data wprowadzenia opisu
    • 2008-01-07
    • w
    • Data inwentaryzacji
    • 2008-08-19
    • y
    • Status udostępniania
    • Tylko na miejscu
    • z
    • Sposób nabycia
    • kupno zwarte
952 -Egzemplarz [ , ]
    • a
    • Numer inwentarzowy
    • Gc.2284
    • c
    • Sygnatura
    • Gc.1089
    • d
    • Lokalizacja
    • BM Biblioteka Międzywydziałowa
    • e
    • Akcesja
    • 04d575/10
    • i
    • Nr tomu wydaw.cg
    • Vol. 25 (2004)
    • p
    • Kod kreskowy
    • 2003400022847
    • r
    • Cena
    • 40.0
    • w
    • Data inwentaryzacji
    • 2005-06-28
    • y
    • Status udostępniania
    • Tylko na miejscu
    • z
    • Sposób nabycia
    • dary zwarte
952 -Egzemplarz [ , ]
    • a
    • Numer inwentarzowy
    • Gc.2262
    • c
    • Sygnatura
    • Gc.1089
    • d
    • Lokalizacja
    • BM Biblioteka Międzywydziałowa
    • e
    • Akcesja
    • 04d47/20
    • i
    • Nr tomu wydaw.cg
    • Vol. 17 (2002)
    • n
    • Powiązanie z serią
    • 13
    • p
    • Kod kreskowy
    • 2003400022625
    • r
    • Cena
    • 20.0
    • w
    • Data inwentaryzacji
    • 2005-03-18
    • y
    • Status udostępniania
    • Tylko na miejscu
    • z
    • Sposób nabycia
    • dary zwarte
952 -Egzemplarz [ , ]
    • a
    • Numer inwentarzowy
    • Gc.2261
    • c
    • Sygnatura
    • Gc.1089
    • d
    • Lokalizacja
    • BM Biblioteka Międzywydziałowa
    • e
    • Akcesja
    • 04d32/18
    • i
    • Nr tomu wydaw.cg
    • Vol. 9 (2001)
    • n
    • Powiązanie z serią
    • 8
    • p
    • Kod kreskowy
    • 2003400022618
    • r
    • Cena
    • 15.0
    • w
    • Data inwentaryzacji
    • 2005-03-18
    • y
    • Status udostępniania
    • Tylko na miejscu
    • z
    • Sposób nabycia
    • dary zwarte
952 -Egzemplarz [ , ]
    • a
    • Numer inwentarzowy
    • Gc.2205
    • c
    • Sygnatura
    • Gc.1089
    • d
    • Lokalizacja
    • BM Biblioteka Międzywydziałowa
    • e
    • Akcesja
    • 03k190/16
    • i
    • Nr tomu wydaw.cg
    • Vol. 6 (2001)
    • n
    • Powiązanie z serią
    • 7
    • p
    • Kod kreskowy
    • 2003400022052
    • r
    • Cena
    • 13.3
    • w
    • Data inwentaryzacji
    • 2004-01-29
    • y
    • Status udostępniania
    • Tylko na miejscu
    • z
    • Sposób nabycia
    • kupno zwarte
952 -Egzemplarz [ , ]
    • a
    • Numer inwentarzowy
    • Gc.2204
    • c
    • Sygnatura
    • Gc.1089
    • d
    • Lokalizacja
    • BM Biblioteka Międzywydziałowa
    • e
    • Akcesja
    • 99d474/11
    • i
    • Nr tomu wydaw.cg
    • Vol. 4 (1999)
    • p
    • Kod kreskowy
    • 2003400022045
    • r
    • Cena
    • 15.0
    • w
    • Data inwentaryzacji
    • 2003-08-28
    • y
    • Status udostępniania
    • Tylko na miejscu
952 -Egzemplarz [ , ]
    • a
    • Numer inwentarzowy
    • Gc.2196
    • c
    • Sygnatura
    • Gc.1089
    • d
    • Lokalizacja
    • BM Biblioteka Międzywydziałowa
    • e
    • Akcesja
    • 03d490/5
    • i
    • Nr tomu wydaw.cg
    • Bd. 16 (2002)
    • n
    • Powiązanie z serią
    • 12
    • p
    • Kod kreskowy
    • 2003400021963
    • r
    • Cena
    • 20.0
    • w
    • Data inwentaryzacji
    • 2003-09-16
    • y
    • Status udostępniania
    • Tylko na miejscu
    • z
    • Sposób nabycia
    • dary zwarte
952 -Egzemplarz [ , ]
    • a
    • Numer inwentarzowy
    • Gc.2321
    • c
    • Sygnatura
    • Gc.1089
    • d
    • Lokalizacja
    • BM Biblioteka Międzywydziałowa
    • e
    • Akcesja
    • 05w241/1
    • i
    • Nr tomu wydaw.cg
    • Vol. 38 (2005)
    • n
    • Powiązanie z serią
    • 20
    • p
    • Kod kreskowy
    • 2003400023219
    • r
    • Cena
    • 20.0
    • w
    • Data inwentaryzacji
    • 2006-01-19
    • y
    • Status udostępniania
    • Tylko na miejscu
    • z
    • Sposób nabycia
    • wymiana zwarte
952 -Egzemplarz [ , ]
    • a
    • Numer inwentarzowy
    • Ac.352
    • c
    • Sygnatura
    • ANG. Metodyka - dzieci 02
    • d
    • Lokalizacja
    • BM Biblioteka Międzywydziałowa
    • e
    • Akcesja
    • 02d573/2
    • h
    • Uwagi
    • Syg.Gc.1089/8
    • i
    • Nr tomu wydaw.cg
    • Vol. 8 (2001)
    • n
    • Powiązanie z serią
    • 1
    • p
    • Kod kreskowy
    • 2002700003525
    • r
    • Cena
    • 15.0
    • v
    • Data wprowadzenia opisu
    • 2017-11-24
    • w
    • Data inwentaryzacji
    • 2003-09-16
    • y
    • Status udostępniania
    • Tylko na miejscu
    • z
    • Sposób nabycia
    • dary zwarte
952 -Egzemplarz [ , ]
    • a
    • Numer inwentarzowy
    • Gc.2140
    • c
    • Sygnatura
    • Gc.1089
    • d
    • Lokalizacja
    • BM Biblioteka Międzywydziałowa
    • e
    • Akcesja
    • 02w151/1
    • i
    • Nr tomu wydaw.cg
    • Vol. 14 (2002)
    • n
    • Powiązanie z serią
    • 10
    • p
    • Kod kreskowy
    • 2003400021406
    • r
    • Cena
    • 30.0
    • w
    • Data inwentaryzacji
    • 2002-04-09
    • y
    • Status udostępniania
    • Tylko na miejscu
    • z
    • Sposób nabycia
    • wymiana zwarte
952 -Egzemplarz [ , ]
    • n
    • Powiązanie z serią
    • 11
    • r
    • Cena
    • 30.0
    • e
    • Akcesja
    • 02w151/1
    • f
    • Status książki wypożyczonej
    • i
    • Nr tomu wydaw.cg
    • Bd.14
    • a
    • Numer inwentarzowy
    • Gc.2198
    • w
    • Data inwentaryzacji
    • 2003-09-16
    • y
    • Status udostępniania
    • Niedostępne
    • z
    • Sposób nabycia
    • wymiana zwarte
    • d
    • Lokalizacja
    • BM Biblioteka Międzywydziałowa
    • p
    • Kod kreskowy
    • 2003400021987
    • c
    • Sygnatura
    • Gc.1089
    • g
    • Ubytek
    • 7/2019 - 2019-04-30
952 -Egzemplarz [ , ]
    • a
    • Numer inwentarzowy
    • Gc.2139
    • c
    • Sygnatura
    • Gc.1089
    • d
    • Lokalizacja
    • BM Biblioteka Międzywydziałowa
    • e
    • Akcesja
    • 02d141/3
    • i
    • Nr tomu wydaw.cg
    • Vol. 11 (2001)
    • n
    • Powiązanie z serią
    • 9
    • p
    • Kod kreskowy
    • 2003400021390
    • r
    • Cena
    • 15.0
    • w
    • Data inwentaryzacji
    • 1998-12-01
    • y
    • Status udostępniania
    • Tylko na miejscu
    • z
    • Sposób nabycia
    • dary zwarte
952 -Egzemplarz [ , ]
    • a
    • Numer inwentarzowy
    • Gc.2137
    • c
    • Sygnatura
    • Gc.1089
    • d
    • Lokalizacja
    • BM Biblioteka Międzywydziałowa
    • e
    • Akcesja
    • 02d141/4
    • i
    • Nr tomu wydaw.cg
    • Vol. 3 (1998)
    • n
    • Powiązanie z serią
    • 4
    • p
    • Kod kreskowy
    • 2003400021376
    • r
    • Cena
    • 20.0
    • w
    • Data inwentaryzacji
    • 1998-12-01
    • y
    • Status udostępniania
    • Tylko na miejscu
    • z
    • Sposób nabycia
    • dary zwarte
952 -Egzemplarz [ , ]
    • a
    • Numer inwentarzowy
    • Gc.2138
    • c
    • Sygnatura
    • Gc.1089
    • d
    • Lokalizacja
    • BM Biblioteka Międzywydziałowa
    • e
    • Akcesja
    • 02d141/5
    • i
    • Nr tomu wydaw.cg
    • Vol. 5 (2000)
    • n
    • Powiązanie z serią
    • 6
    • p
    • Kod kreskowy
    • 2003400021383
    • r
    • Cena
    • 10.0
    • w
    • Data inwentaryzacji
    • 1998-12-01
    • y
    • Status udostępniania
    • Tylko na miejscu
    • z
    • Sposób nabycia
    • dary zwarte
952 -Egzemplarz [ , ]
    • a
    • Numer inwentarzowy
    • Gc.1218
    • c
    • Sygnatura
    • Gc.1089
    • d
    • Lokalizacja
    • BM Biblioteka Międzywydziałowa
    • e
    • Akcesja
    • 97k591/1
    • i
    • Nr tomu wydaw.cg
    • Vol. 2 (1997)
    • n
    • Powiązanie z serią
    • 3
    • p
    • Kod kreskowy
    • 2003400012183
    • r
    • Cena
    • 10.0
    • w
    • Data inwentaryzacji
    • 1998-12-01
    • y
    • Status udostępniania
    • Tylko na miejscu
    • z
    • Sposób nabycia
    • kupno zwarte
952 -Egzemplarz [ , ]
    • n
    • Powiązanie z serią
    • 2
    • r
    • Cena
    • 10.0
    • e
    • Akcesja
    • 97k591/1
    • f
    • Status książki wypożyczonej
    • i
    • Nr tomu wydaw.cg
    • Vol.2
    • a
    • Numer inwentarzowy
    • Gc.1161
    • w
    • Data inwentaryzacji
    • 2002-05-27
    • y
    • Status udostępniania
    • Niedostępne
    • z
    • Sposób nabycia
    • kupno zwarte
    • d
    • Lokalizacja
    • BM Biblioteka Międzywydziałowa
    • p
    • Kod kreskowy
    • 2003400011612
    • g
    • Ubytek
    • 7/2019 - 2019-04-30
952 -Egzemplarz [ , ]
    • a
    • Numer inwentarzowy
    • Gc.2282
    • c
    • Sygnatura
    • Gc.1089
    • d
    • Lokalizacja
    • BM Biblioteka Międzywydziałowa
    • e
    • Akcesja
    • 04d575/8
    • i
    • Nr tomu wydaw.cg
    • Vol.25 (2004)
    • p
    • Kod kreskowy
    • 2003400022823
    • r
    • Cena
    • 40.0
    • w
    • Data inwentaryzacji
    • 2005-06-28
    • y
    • Status udostępniania
    • Tylko na miejscu
952 -Egzemplarz [ , ]
    • a
    • Numer inwentarzowy
    • Gc.2283
    • c
    • Sygnatura
    • Gc.1089
    • d
    • Lokalizacja
    • BM Biblioteka Międzywydziałowa
    • e
    • Akcesja
    • 04d575/9
    • i
    • Nr tomu wydaw.cg
    • Vol.26 (2004)
    • n
    • Powiązanie z serią
    • 29
    • p
    • Kod kreskowy
    • 2003400022830
    • r
    • Cena
    • 40.0
    • w
    • Data inwentaryzacji
    • 2005-06-28
    • y
    • Status udostępniania
    • Tylko na miejscu
    • z
    • Sposób nabycia
    • dary zwarte
952 -Egzemplarz [ , ]
    • a
    • Numer inwentarzowy
    • Gc.2195
    • c
    • Sygnatura
    • Gc.1089
    • d
    • Lokalizacja
    • BM Biblioteka Międzywydziałowa
    • e
    • Akcesja
    • 03d490/4
    • i
    • Nr tomu wydaw.cg
    • Vol.24 (2003)
    • n
    • Powiązanie z serią
    • 26
    • p
    • Kod kreskowy
    • 2003400021956
    • r
    • Cena
    • 20.0
    • w
    • Data inwentaryzacji
    • 2002-10-23
    • y
    • Status udostępniania
    • Tylko na miejscu
    • z
    • Sposób nabycia
    • dary zwarte
952 -Egzemplarz [ , ]
    • a
    • Numer inwentarzowy
    • Gc.2192
    • c
    • Sygnatura
    • Gc.1089
    • d
    • Lokalizacja
    • BM Biblioteka Międzywydziałowa
    • e
    • Akcesja
    • 03d490/1
    • i
    • Nr tomu wydaw.cg
    • Vol. 19 (2002)
    • n
    • Powiązanie z serią
    • 20
    • p
    • Kod kreskowy
    • 2003400021925
    • r
    • Cena
    • 20.0
    • w
    • Data inwentaryzacji
    • 2002-10-23
    • y
    • Status udostępniania
    • Tylko na miejscu
    • z
    • Sposób nabycia
    • dary zwarte
952 -Egzemplarz [ , ]
    • a
    • Numer inwentarzowy
    • Gc.2454
    • c
    • Sygnatura
    • Gc.1089
    • d
    • Lokalizacja
    • BM Biblioteka Międzywydziałowa
    • e
    • Akcesja
    • 08d542a/3
    • i
    • Nr tomu wydaw.cg
    • Vol. 33 (2008)
    • p
    • Kod kreskowy
    • 2003400024544
    • r
    • Cena
    • 40.00
    • v
    • Data wprowadzenia opisu
    • 2008-09-30
    • w
    • Data inwentaryzacji
    • 2009-03-02
    • y
    • Status udostępniania
    • Tylko na miejscu
    • z
    • Sposób nabycia
    • dary zwarte
952 -Egzemplarz [ , ]
    • a
    • Numer inwentarzowy
    • Gc.2453
    • c
    • Sygnatura
    • Gc.1089
    • d
    • Lokalizacja
    • BM Biblioteka Międzywydziałowa
    • e
    • Akcesja
    • 08d542a/2
    • i
    • Nr tomu wydaw.cg
    • Vol. 32 (2007)
    • p
    • Kod kreskowy
    • 2003400024537
    • r
    • Cena
    • 40.00
    • v
    • Data wprowadzenia opisu
    • 2008-09-30
    • w
    • Data inwentaryzacji
    • 2009-03-02
    • y
    • Status udostępniania
    • Tylko na miejscu
    • z
    • Sposób nabycia
    • dary zwarte
952 -Egzemplarz [ , ]
    • a
    • Numer inwentarzowy
    • Gc.2452
    • c
    • Sygnatura
    • Gc.1089
    • d
    • Lokalizacja
    • BM Biblioteka Międzywydziałowa
    • e
    • Akcesja
    • 08d542a/1
    • i
    • Nr tomu wydaw.cg
    • Vol. 31 (2007)
    • p
    • Kod kreskowy
    • 2003400024520
    • r
    • Cena
    • 40.00
    • v
    • Data wprowadzenia opisu
    • 2008-09-30
    • w
    • Data inwentaryzacji
    • 2009-03-02
    • y
    • Status udostępniania
    • Tylko na miejscu
    • z
    • Sposób nabycia
    • dary zwarte
Uwagi dla czytelnika
Teksty ofiarowane Profesorowi Feliksowi Przybylakowi
Historyjka o Jungu i Filemonie
Die Lesbarkeit von Stereotypen
Die Lesbarkeit von Stereotypen
Briefe in die europäische Gegenwart
Kultura smutku
Werte und Wertungen
Die Quarantäne
Die Quarantäne
Romantyczna literatura wobec nauki
Der Triumph des Mythos
W stronę morfologii kultury
Im Blickfeld: Didaktik des Deutschen als Fremdsprache
Studia Philologica
B. Traven
Foreign language acquisition in the primary school
Zweisprachige Stadtbücher aus Oppeln/Opole
Śladami wielkiego dziedzictwa
Die Bilder der 'neuen Frau' in der Moderne und den Modernisierungsprozessen des 20. Jahrhunderts
Mutterbilder und Mütterlichkeitskonzepte im ästhetischen Diskurs
Action research in the Lower Silesia cluster colleges within Prince Project
Festschrift zum siebzigsten Geburtstag von prof. dr. Norbert Heisig
Festschrift zum 75. Geburtstag von prof. dr. Adam Zieliński
Prace ofiarowane pani Profesor Annie Stroce w osiemdziesiątą rocznicę urodzi
Prace ofiarowane Profesorowi Stefanowi H. Kaszyńskiemu w sześćdziesiatą rocznicę urodzin
Teksty ofiarowane Profesorowi Hubertowi Orłowskiemu
Festgabe für Prof. Dr. Hubert Unverricht zum achtzigsten Geburtstag
Festgabe für Prof. Dr. Ilpo Tapani Piirainen